000 00769nam a2200265Ia 4500
003 OSt
005 20220927105246.0
006 a|||||r|||| 00| 0
007 ta
008 220926b |||||||| |||| 00| 0 eng d
020 _a0080445314
024 _a186992
037 _cReference Collections
040 _aRTL
_cRTL
_beng
041 _2eng
_aeng
082 _a"U11:(D6,9(B), P5"
100 _aDykes J Ed.
_9371328
245 0 _aExploring geovisualization
260 _aElsevier
_bOxford UK
_c2005
300 _a"xix, 710p"
_ccm.
700 _a Kraak M J Ed.
_9371329
700 _a MacEachren A M Ed.
_9371330
942 _h"U11:(D6,9(B), P5"
_cCC
999 _c691542
_d691542